01018nam a2200241 a 450000100060000000300080000600500170001400800410003103500190007204000360009104100110012708200240013810000500016224500690021226000480028130000350032950001590036450400400052365000320056394200120059599900170060795201520062470156BD-RjUL20211209081953.0170416s1967 nyua b 001 0 eng d a(BD-RjUL)70368 aDLC/ICUcCGUdEQOdBD-RjULbeng1 aengrus0 a547.1223bREF 19671 aReutov, O. A.q(Oleg Aleksandrovich),920777710aFundamentals of theoretical organic chemistry /cby O.A. Reutov. aNew York :bAppleton-Century-Crofts,c1967. aviii, 593 p. :bill. ;c24 cm. aTranslation of: [Teoreticheskie osnovy organicheskoĭ khimii], originally published in 1956 under title: [Teoreticheskie problemy organicheskoĭ khimii] aIncludes bibliographies and indexes 0aChemistry, Organic.9207778 2ddccBK c70156d70156 00102ddc40718NFICaRUCLbRUCLcReadingd1970-07-04eBook Review Enterpriseg140.00l0o547.1 REF 1967r2017-04-16 00:00:00tC-1w2017-04-16yBK